Städte auf zufälligen europäischen Zug-Routen - Statistiken

Allgemein
  • Dieses Quiz wurde 1.050 mal gespielt
  • Das Durchschnittsergebnis liegt bei 14 aus 20
Antworten auf der Karte
Die Antworten werden auf der Karte rot bzw. grün angezeigt, abhängig davon wie oft sie richtig erraten wurden.
 
Antwortstatistiken
Route Stadt % Korrekt
Route 1 Madrid
100%
4 London
98%
4 Berlin
96%
4 Hamburg
96%
Route2 Rom
96%
3 Lissabon
95%
4 Köln
94%
Route 3 Porto
94%
4 Kiew
92%
4 Luxemburg
92%
4 Hannover
91%
4 Minsk
91%
Route2 München
90%
Route2 Venedig
90%
4 Bukarest
89%
Route2 Neapel
88%
Route2 Prag
88%
Route2 Wien
88%
Route 2 Palermo
87%
Route2 Dresden
85%
Route2 Nürnberg
85%
3 Brüssel
83%
Route2 Leipzig
82%
3 Amsterdam
81%
4 Gdańsk / Danzig
81%
3 Paris
81%
3 Barcelona
80%
3 Hamburg
80%
3 Kopenhagen
80%
Route1 Prag
80%
Route2 Florenz
79%
Route2 Ljubljana
79%
3 Bremen
78%
Route2 Istanbul
78%
Route1 Zürich
78%
4 Edinburgh
77%
4 Liverpool
77%
4 Odessa
77%
3 Oslo
77%
3 Rotterdam
77%
4 Vilnius
77%
Route1 Stuttgart
76%
Route1 Bern
75%
4 Chisinau
74%
Route1 Helsinki
73%
3 Antwerpen
72%
Route2 Bari
71%
Route1 Kiew
71%
Route1 Moskau
71%
Route1 St Petersburg
71%
4 Birmingham
70%
3 Sevilla
70%
Route1 Warschau
70%
Route2 Skopje
69%
Route2 Split
68%
3 Valencia
67%
3 Bordeaux
66%
Route2 Thessaloniki
65%
3 Malmö
64%
Route2 Podgorica
63%
Route2 Triest
63%
3 Malaga
61%
4 Lille
60%
3 Bergen
59%
Route2 Brno / Brünn
59%
Route1 Genf
59%
3 Toulouse
59%
Route1 Bordeaux
58%
Route1 Bilbao
54%
3 Göteborg
52%
Route1 Breslau
43%
Route1 Saragossa
39%
Route1 Łódź
38%
Route1 Charkiw
37%
Route 4 Inverness
36%
4 Constanța
34%
Route1 Lwiw
32%
Route1 Turku
29%
4 Warna
26%
Route1 Oulu
23%
Keine übereinstimmenden Quizze gefunden
Verteilung der Resultate
Anzahl Personen mit jedem Resultat
Perzentil nach korrekt beantworteten Fragen
Ihre Resultats-Entwicklung
Sie haben dieses Quiz noch nicht gespielt